Histoire du prolétariat ancien et moderne / (Record no. 167594)

MARC details
000 -LEADER
campo de control de longitud fija 00713nam a22001935i 4500
001 - NÚMERO DE CONTROL
campo de control 167594
003 - IDENTIFICADOR DE NÚMERO DE CONTROL
campo de control ES-MaACL
005 - FECHA Y HORA DE LA ÚLTIMA TRANSACCIÓN
campo de control 20250826060526.0
008 - DATOS DE LONGITUD FIJA--INFORMACIÓN GENERAL
campo de control de longitud fija 010309s1882 fr |||| | fre d
100 1# - ENTRADA PRINCIPAL--NOMBRE DE PERSONA
Nombre de persona Villard, A.
9 (RLIN) 133753
245 10 - MENCIÓN DEL TÍTULO
Título Histoire du prolétariat ancien et moderne /
Mención de responsabilidad, etc. par A. Villard.
260 ## - PUBLICACIÓN, DISTRIBUCIÓN, ETC.
Lugar de publicación, distribución, etc. Madrid :
Nombre del editor, distribuidor, etc. Librairie Guillaumin et C.,
Fecha de publicación, distribución, etc. 1882 (
Lugar de fabricación/manufactura Nimes :
Fabricante Typ. Clavel-Ballivet et C.)
300 ## - DESCRIPCIÓN FÍSICA
Extensión XIII, 718 p. ;
Dimensiones 22 cm.
530 ## - NOTA DISPONIBLE DE FORMULARIO FÍSICO ADICIONAL
Nota de formato físico adicional disponible Disponible en formato digital.
650 #7 - PUNTO DE ACCESO ADICIONAL DE MATERIA--TÉRMINO DE MATERIA
Término de materia o nombre geográfico como elemento de entrada Clase trabajadora
Fuente del encabezamiento o término embne
9 (RLIN) 151811
852 ## - LOCALIZACIÓN
Ubicación ES-MaACL
Número de control de estantería F-9948
Nota libre - Enc. pasta
856 ## - LOCALIZACIÓN Y ACCESO ELECTRÓNICOS
Identificador Uniforme de Recursos <a href="https://archive.org/details/histoireduprolt01villgoog ">https://archive.org/details/histoireduprolt01villgoog </a>
Nota pública Internet Archive
Holdings
Estatus retirado Estado de pérdida Estado de daño No para préstamo Colección Biblioteca de origen Biblioteca actual Ubicación en estantería Fecha de adquisición Fuente de adquisición Total de préstamos Signatura topográfica completa Código de barras Visto por última vez Precio de reemplazo Tipo de ítem Koha
        Colección digital Biblioteca del Ateneo de Madrid Biblioteca del Ateneo de Madrid Sala Pecera Planta 2 17/01/2008     F-9948 1175825 23/02/2023 23/02/2023 Libro impreso antiguo